Normal view MARC view
  • United States.

Entry Corporate Name

Number of records used in: 1

001 - CONTROL NUMBER

  • control field: 90887

003 - CONTROL NUMBER IDENTIFIER

  • control field: NUST

005 - DATE AND TIME OF LATEST TRANSACTION

  • control field: 20220411120552.0

008 - FIXED-LENGTH DATA ELEMENTS

  • fixed length control field: 220411|| aca||aabn | a|a d

040 ## - CATALOGING SOURCE

  • Original cataloging agency: NUST
  • Transcribing agency: NUST

110 ## - HEADING--CORPORATE NAME

  • Corporate name or jurisdiction name as entry element: United States.
  • Subordinate unit: Army
  • General subdivision: Surgeons
  • General subdivision: Biography

670 ## - SOURCE DATA FOUND

  • Source citation: Work cat.: (NUST)0: Donovan, William N., 1910- 90886, P.O.W. in the Pacific :, 1998.
© 2023 Central Library, National University of Sciences and Technology. All Rights Reserved.